| 000 | 00720nam a2200121Ia 4500 | ||
|---|---|---|---|
| 008 | 220620s9999||||xx |||||||||||||| ||und|| | ||
| 100 | _aFowler, Josephine | ||
| 245 | 0 |
_aJapanese and Chinese Immigrant Activists _bOrganizing in American and International Communist Movements, 1919–1933 |
|
| 546 | _aEnglish[eng] | ||
| 650 | _aHistory||Japanese||Chinese||Immigrants||Communism||organizing||international||China||Empire of Japan||Kuomintang||Profintern||San Francisco||United States | ||
| 856 | _uhttps://library.oapen.org/bitstream/20.500.12657/30790/1/642712.pdf||https://library.oapen.org/bitstream/20.500.12657/30790/1/642712.pdf||https://library.oapen.org/bitstream/20.500.12657/30790/1/642712.pdf | ||
| 942 | _cEB | ||
| 999 |
_c21734 _d21734 |
||